Forms in early modern utopia (Record no. 205220)
[ view plain ]
| 000 -LEADER | |
|---|---|
| fixed length control field | 01668nam a2200409Ia 4500 |
| 082 04 - DEWEY DECIMAL CLASSIFICATION NUMBER | |
| Classification number | 820.9/372 |
| 100 1# - MAIN ENTRY--AUTHOR NAME | |
| Personal name | Chordas, Nina. |
| 245 10 - TITLE STATEMENT | |
| Title | Forms in early modern utopia |
| 260 ## - PUBLICATION, DISTRIBUTION, ETC. (IMPRINT) | |
| Place of publication | Burlington, VT : |
| Name of publisher | Ashgate, |
| Year of publication | 2010. |
| 300 ## - PHYSICAL DESCRIPTION | |
| Number of Pages | 136 p. |
| 650 #0 - SUBJECT ADDED ENTRY--TOPICAL TERM | |
| Topical Term | English literature |
| Topical Term | Utopias in literature. |
| Topical Term | Literary form |
| Topical Term | Literary form |
| Topical Term | Travel writing |
| Topical Term | Travel writing |
| Topical Term | Ethnology |
| Topical Term | Ethnology |
| Topical Term | Pastoral literature |
| Topical Term | Imperialism in literature. |
| 856 40 - ELECTRONIC LOCATION AND ACCESS | |
| Uniform Resource Identifier | http://site.ebrary.com/lib/rucke/Doc?id=10385845 |
No items available.
